[Event "FIDE World Rapid Team"]
[Site "Almaty KAZ"]
[Date "2024.08.02"]
[Round "1.14"]
[White "Kassimov, Baurzhan"]
[Black "Narayanan, S.L."]
[Result "1-0"]
[WhiteTitle "IM"]
[BlackTitle "GM"]
[WhiteElo "2260"]
[BlackElo "2649"]
[WhiteTeam "Chess Ratel"]
[BlackTeam "Team MGD1"]
[WhiteFideId "13704800"]
[BlackFideId "5058422"]
[EventDate "2024.08.02"]

1. c4 Nf6 2. Nc3 e5 3. Nf3 Nc6 4. e3 Bb4 5. Qc2 Bxc3 6. Qxc3 Qe7 7. Be2 d5 8. d4
exd4 9. Nxd4 Nxd4 10. Qxd4 c5 11. Qh4 Be6 12. cxd5 Nxd5 13. Qxe7+ Kxe7 14. a3
Rac8 15. e4 Nb6 16. Be3 Bb3 17. O-O a6 18. Bd1 Bxd1 19. Rfxd1 Nc4 20. Bd2 Rhd8
21. Bc3 f6 22. Kf1 b5 23. Ke2 Rxd1 24. Kxd1 Ke6 25. Ke2 Ra8 26. f3 a5 27. b3 Nb6
28. Be1 a4 29. Rb1 Rb8 30. Bg3 Rb7 31. Bf2 Kd6 32. Rc1 Nd7 33. bxa4 bxa4 34. Rc4
Rb2+ 35. Kf1 Rb1+ 36. Ke2 Rb2+ 37. Kf1 Ne5 38. Bxc5+ Kc6 39. Rc3 Kb5 40. Bf8 g5
41. Be7 Rb3 42. Rc5+ Kb6 43. Rc2 Nc6 44. Bc5+ Kb5 45. Bf8 Nd4 46. Rc5+ Kb6 47.
Rc4 Rb1+ 48. Kf2 Rb2+ 49. Kg3 Ne2+ 50. Kg4 Ra2 51. Rxa4 Nf4 52. g3 Ng6 53. Bd6
Rxh2 54. Kf5 Rf2 55. Kxf6 Rxf3+ 56. Kxg5 Kc6 57. Bf4 Nf8 58. Ra6+ Kd7 59. Kf5
Rb3 60. e5 Rb5 61. a4 Rc5 62. Ra7+ Kc6 63. Rf7 Nd7 64. Rxh7 Ra5 65. Rh6+ Kb7 66.
Rd6 Nb6 67. Kf6 Nd5+ 68. Kf7 Kc7 69. Bd2 Rc5 70. Ke6 1-0

[Event "FIDE World Rapid Team"]
[Site "Almaty KAZ"]
[Date "2024.08.02"]
[Round "1.15"]
[White "Pranav, V"]
[Black "Nukin, Askhat"]
[Result "1/2-1/2"]
[WhiteTitle "GM"]
[BlackTitle "FM"]
[WhiteElo "2598"]
[BlackElo "2268"]
[WhiteTeam "Team MGD1"]
[BlackTeam "Chess Ratel"]
[WhiteFideId "25060783"]
[BlackFideId "13703625"]
[EventDate "2024.08.02"]

1. e4 c5 2. Nf3 e6 3. d4 cxd4 4. Nxd4 a6 5. c4 Nf6 6. Nc3 Bb4 7. Bd3 Nc6 8. Nxc6
dxc6 9. O-O e5 10. h3 O-O 11. Be3 Qe7 12. Na4 Be6 13. a3 Bd6 14. c5 Bc7 15. Qc2
Rad8 16. Be2 h6 17. b4 Nh7 18. Bc4 Bxc4 19. Qxc4 Rd7 20. Nc3 Rfd8 21. a4 Nf8 22.
b5 Ba5 23. Ne2 Qe6 24. Qc2 axb5 25. axb5 Bd2 26. bxc6 Qxc6 27. Ng3 Ne6 28. Nf5
Bxe3 29. fxe3 Nxc5 30. Rad1 Kh7 31. Ne7 Qxe4 32. Rxd7 Qxc2 33. Rxd8 Qb3 34. Kh2
Qe6 35. Nf5 Ne4 36. Rf8 b5 37. Rb8 Nd2 38. Rf2 Ne4 39. Rf3 g6 40. Nh4 Nd6 41.
Rb6 e4 42. Rf1 Qe5+ 43. g3 Qc5 44. Rb8 Qxe3 45. Ng2 Qd4 46. Rd8 Qb6 47. Rd7 Kg7
48. Nf4 Qc6 49. Ne6+ Kg8 50. Rd8+ Kh7 51. Rd7 e3 52. Rfxf7+ Nxf7 53. Rxf7+ Kg8
54. Rf8+ Kh7 55. Rf7+ Kg8 56. Rf8+ 1/2-1/2

[Event "FIDE World Rapid Team"]
[Site "Almaty KAZ"]
[Date "2024.08.02"]
[Round "1.16"]
[White "Ulkhanov, Azamat"]
[Black "Adhiban, Baskaran"]
[Result "0-1"]
[BlackTitle "GM"]
[WhiteElo "2006"]
[BlackElo "2532"]
[WhiteTeam "Chess Ratel"]
[BlackTeam "Team MGD1"]
[WhiteFideId "13700235"]
[BlackFideId "5018471"]
[EventDate "2024.08.02"]

1. e4 c5 2. Nf3 Nc6 3. Bb5 d6 4. O-O Bd7 5. Re1 a6 6. Bf1 e5 7. c3 Be7 8. h3 g5
9. d4 h5 10. dxe5 dxe5 11. Bc4 g4 12. Qd5 Be6 13. Qxd8+ Rxd8 14. Bxe6 fxe6 15.
Ng5 Rh6 16. h4 Rg6 17. Be3 Rd3 18. Nd2 Nh6 19. Rad1 g3 20. f3 Nf7 21. Nc4 Rxd1
22. Rxd1 b5 23. Nxf7 Kxf7 24. Nd6+ Kg8 25. Bxc5 Bxh4 26. b4 Bg5 27. a4 bxa4 28.
Nc4 Rg7 29. Rd6 Rc7 30. Rxe6 Bc1 31. Re8+ Kh7 32. Ra8 Rd7 33. Kf1 Rd3 34. Rxa6
Rxc3 35. Nd6 Nd4 36. Rxa4 Bb2 37. Bxd4 exd4 38. Ra2 d3 39. Ke1 Rc2 40. Kd1 Rxg2
41. Nc4 Rg1+ 42. Kd2 g2 43. Nxb2 Rb1 44. Ra7+ Kg8 45. Ra8+ Kf7 46. Ra7+ Ke6 47.
Ra6+ Ke7 48. Ra7+ Kd8 49. Ra8+ Kc7 50. Ra7+ Kb8 51. Rg7 Rxb2+ 52. Kxd3 h4 53. e5
h3 54. e6 Rb3+ 55. Kd2 Rb2+ 56. Kd3 Rb1 57. f4 g1=Q 58. Rxg1 Rxg1 59. f5 0-1

[Event "FIDE World Rapid Team"]
[Site "Almaty KAZ"]
[Date "2024.08.02"]
[Round "1.17"]
[White "Dronavalli, Harika"]
[Black "Gein, Dmitriy"]
[Result "1-0"]
[WhiteTitle "GM"]
[WhiteElo "2502"]
[BlackElo "1723"]
[WhiteTeam "Team MGD1"]
[BlackTeam "Chess Ratel"]
[WhiteFideId "5015197"]
[BlackFideId "13781022"]
[EventDate "2024.08.02"]

1. Nf3 Nf6 2. c4 d6 3. g3 g6 4. Bg2 Bg7 5. O-O O-O 6. Nc3 e5 7. d3 c6 8. e4 Bg4
9. h3 Bxf3 10. Bxf3 Nbd7 11. Be3 Ne8 12. Bg2 Nc7 13. f4 f5 14. d4 Ne6 15. fxe5
dxe5 16. d5 Nd4 17. exf5 gxf5 18. Qd2 Qf6 19. Rae1 Qg6 20. Kh2 c5 21. Nb5 a6 22.
Nc7 Rac8 23. Ne6 Nxe6 24. dxe6 Nb6 25. e7 Rfe8 26. Bxb7 Rc7 27. Bd5+ Kh8 28. Qf2
Nxd5 29. cxd5 Rcxe7 30. Qxf5 Qd6 31. Qe4 Rb7 32. Re2 Rb4 33. Qc2 Qxd5 34. Qxc5
Qd3 35. Rff2 Rbb8 36. Rd2 Qe4 37. Bg5 Qg6 38. Be3 Rf8 39. Rxf8+ Rxf8 40. Rf2 Re8
41. Qb6 Qd3 42. Bh6 Qg6 43. Qxg6 hxg6 44. Bg5 a5 45. b3 a4 46. bxa4 Ra8 47. Kg2
Kg8 48. Bf6 Rxa4 49. Bxg7 Kxg7 50. h4 Kh6 51. Kh3 g5 52. Rf6+ Kg7 53. Rf2 gxh4
54. g4 Kg6 55. Kxh4 Re4 56. Rb2 Re1 57. Rb6+ Kg7 58. Kg5 e4 59. Rb7+ Kf8 60. Kf4
e3 61. Rb2 Kf7 62. Kf3 Kf6 63. Re2 Ra1 64. Kxe3 Kg5 65. Rg2 Re1+ 66. Kd3 Rc1 67.
Kd4 Rc8 68. Kd5 Rc1 69. Kd6 Rc4 70. Kd5 Rc1 71. Kd4 Rc8 72. a4 Rc1 73. Ra2 Kxg4
74. a5 Kf5 75. a6 Rc8 76. a7 Ra8 77. Kd5 Kf6 78. Kc6 1-0

[Event "FIDE World Rapid Team"]
[Site "Almaty KAZ"]
[Date "2024.08.02"]
[Round "1.18"]
[White "Momyn, Madina"]
[Black "Shah Mihir"]
[Result "0-1"]
[WhiteElo "1733"]
[BlackElo "1801"]
[WhiteTeam "Chess Ratel"]
[BlackTeam "Team MGD1"]
[WhiteFideId "13748866"]
[BlackFideId "46628878"]
[EventDate "2024.08.02"]

1. e4 c6 2. d4 d5 3. Nc3 dxe4 4. Nxe4 Nf6 5. Nxf6+ exf6 6. Nf3 Bd6 7. Be2 O-O 8.
O-O Bg4 9. h3 Bh5 10. Be3 Re8 11. c3 Bc7 12. Qd2 Nd7 13. Rfe1 Nf8 14. Bf4 Ne6
15. Bxc7 Qxc7 16. g3 Re7 17. Kg2 Rae8 18. Ng1 Bg6 19. Bf3 Ng5 20. h4 Nxf3 21.
Nxf3 Be4 22. Re3 f5 23. Rae1 f4 24. R3e2 fxg3 25. fxg3 Bd5 26. b3 f5 27. c4 Be4
28. Kf2 Rd8 29. Ng5 Rde8 30. d5 cxd5 31. cxd5 Qc5+ 32. Kf1 Re5 33. Nxe4 fxe4 34.
d6 Rd5 35. Qe3 Qxd6 36. Kg2 Rf5 37. Rf2 Rf3 38. Qg5 Re5 39. Qg4 Rxf2+ 40. Kxf2
Qd4+ 41. Kg2 Re8 42. Qh5 Qd7 43. Qa5 e3 44. Re2 Qd3 45. Qh5 Qe4+ 46. Kg1 Rf8 47.
Qc5 Re8 48. Qc1 Qf3 49. Qe1 h6 50. Rg2 Re4 51. Qe2 Qf5 52. Qd3 Qe6 53. Re2 Re5
54. Kh2 Qe7 55. Kh3 Re6 56. Kh2 Qe8 57. Kh3 Kh8 58. Kh2 Qe7 59. Kh3 Re5 60. Kh2
Qe6 61. Kg2 Qc6+ 62. Kh3 Qh1+ 63. Kg4 Re4+ 0-1

[Event "FIDE World Rapid Team"]
[Site "Almaty KAZ"]
[Date "2024.08.02"]
[Round "1.19"]
[White "Orozbaev, Eldiyar"]
[Black "Alekseev, Evgeny"]
[Result "1-0"]
[WhiteTitle "FM"]
[BlackTitle "GM"]
[WhiteElo "2376"]
[BlackElo "2537"]
[WhiteTeam "Noval Group Kyrgystan"]
[BlackTeam "Ashdod Chess Club"]
[WhiteFideId "13802240"]
[BlackFideId "4138147"]
[EventDate "2024.08.02"]

1. e4 e5 2. Nf3 Nc6 3. Bc4 Bc5 4. c3 Nf6 5. d4 exd4 6. b4 Bb6 7. e5 d5 8. exf6
dxc4 9. Qe2+ Be6 10. b5 Na5 11. fxg7 Rg8 12. cxd4 Qd7 13. d5 Qxd5 14. Nc3 Qd3
15. Bb2 Rxg7 16. Qe5 Rg8 17. Rd1 Qf5 18. Qxf5 Bxf5 19. Nd5 Rxg2 20. Nh4 Bxf2+
21. Kf1 Bxh4 22. Kxg2 O-O-O 23. Kf3 c6 24. Ne3 Bd3 25. Bc3 b6 26. a4 cxb5 27.
axb5 Nb3 28. Rhg1 Nd4+ 29. Bxd4 Rxd4 30. Nf5 Be4+ 31. Kf4 Rxd1 32. Rxd1 Bxf5 33.
Kxf5 Be7 34. Rc1 Kb7 35. Rxc4 a6 36. Re4 Bd8 37. Re8 Bc7 38. Re7 axb5 39. Rxf7
b4 40. Ke4 b3 41. Kd3 Kc6 42. Rxh7 Be5 43. h4 Kd5 44. Rb7 Kc6 45. Re7 Kd6 46.
Re8 Bf6 47. h5 Kd7 48. Re1 Bg7 49. Rg1 Bf8 50. Rg6 Ke7 51. Rxb6 Kf7 52. Ke4 Kg7
53. Kf5 Bc5 54. Rxb3 Kh6 55. Kg4 Bd4 56. Ra3 Bb2 57. Ra6+ Kh7 58. h6 1-0

[Event "FIDE World Rapid Team"]
[Site "Almaty KAZ"]
[Date "2024.08.02"]
[Round "1.20"]
[White "Moiseenko, Alexander"]
[Black "Zhakshylykov, Erzhan"]
[Result "1-0"]
[WhiteTitle "GM"]
[BlackTitle "FM"]
[WhiteElo "2562"]
[BlackElo "2327"]
[WhiteTeam "Ashdod Chess Club"]
[BlackTeam "Noval Group Kyrgystan"]
[WhiteFideId "14102560"]
[BlackFideId "13804111"]
[EventDate "2024.08.02"]

1. d4 Nf6 2. c4 e6 3. Nc3 d5 4. Bg5 Be7 5. e3 c6 6. Nf3 Nbd7 7. Qc2 O-O 8. a3 a6
9. Rd1 h6 10. Bh4 dxc4 11. Bxc4 b5 12. Ba2 Bb7 13. O-O Qc7 14. e4 Rfe8 15. e5
Nh7 16. Bxe7 Rxe7 17. b4 c5 18. bxc5 Bxf3 19. gxf3 Ng5 20. Kg2 Qc6 21. Ne4 Nf8
22. Nxg5 hxg5 23. d5 exd5 24. Bxd5 Qc8 25. Bxa8 Qxa8 26. c6 Qc8 27. Rfe1 Ne6 28.
Re4 Nf4+ 29. Rxf4 gxf4 30. Qe4 Re6 31. Rd6 Qc7 32. Qd5 Qe7 33. Rxe6 fxe6 34. Qd6
Qg5+ 35. Kf1 Qf5 36. h4 Qb1+ 37. Kg2 Qg6+ 38. Kh2 Qc2 39. Qxe6+ Kh7 40. Kg2 a5
41. h5 Qc3 42. Qg6+ Kh8 43. Qe8+ Kh7 44. e6 1-0

[Event "FIDE World Rapid Team"]
[Site "Almaty KAZ"]
[Date "2024.08.02"]
[Round "1.21"]
[White "Sharshenbekov, Emir"]
[Black "Smirin, Ilia"]
[Result "0-1"]
[WhiteTitle "CM"]
[BlackTitle "GM"]
[WhiteElo "2078"]
[BlackElo "2575"]
[WhiteTeam "Noval Group Kyrgystan"]
[BlackTeam "Ashdod Chess Club"]
[WhiteFideId "13810634"]
[BlackFideId "2801990"]
[EventDate "2024.08.02"]

1. e4 c5 2. Nc3 e6 3. Nf3 Nc6 4. d4 cxd4 5. Nxd4 d6 6. Be3 Nf6 7. Be2 Be7 8. O-O
O-O 9. Qd2 e5 10. Nb3 a5 11. a4 Nb4 12. Rad1 Be6 13. f4 Rc8 14. Bf3 Ng4 15. Bxg4
Bxg4 16. Rc1 Be6 17. Rcd1 f5 18. fxe5 dxe5 19. Qe2 Qc7 20. exf5 Bc4 21. Qf2 Bxf1
22. Rxf1 g6 23. g4 gxf5 24. gxf5 Kh8 25. h3 Rg8+ 26. Kh2 Rcf8 27. Bb6 Qc6 28.
Nxa5 Qh6 29. Bc7 Qg7 30. Nb5 Rxf5 31. Qg1 Rg5 32. Qe3 Rg2+ 33. Kh1 Rh2+ 0-1

[Event "FIDE World Rapid Team"]
[Site "Almaty KAZ"]
[Date "2024.08.02"]
[Round "1.22"]
[White "Golod, Vitali"]
[Black "Iunusov, Nuriddin"]
[Result "1-0"]
[WhiteTitle "GM"]
[BlackTitle "CM"]
[WhiteElo "2487"]
[BlackElo "1925"]
[WhiteTeam "Ashdod Chess Club"]
[BlackTeam "Noval Group Kyrgystan"]
[WhiteFideId "2804140"]
[BlackFideId "13803026"]
[EventDate "2024.08.02"]

1. d4 Nf6 2. c4 g6 3. Nc3 Bg7 4. e4 d6 5. Nf3 O-O 6. Be2 e5 7. d5 Na6 8. Bg5 h6
9. Be3 Nc5 10. Nd2 a5 11. a3 Bd7 12. b3 c6 13. O-O Ne8 14. b4 Na6 15. Rb1 axb4
16. axb4 Qc8 17. dxc6 bxc6 18. b5 cxb5 19. Nd5 Qb7 20. cxb5 Nc5 21. Bxc5 dxc5
22. Nc4 Be6 23. Bf3 f6 24. b6 Rf7 25. Re1 Rd7 26. Qc2 Kh7 27. h3 Bxd5 28. exd5
Nd6 29. Nxd6 Rxd6 30. Qxc5 Rad8 31. Rec1 f5 32. Qc7 R8d7 33. Qxb7 Rxb7 34. Rc6
Rdd7 35. d6 e4 36. Be2 Be5 37. Ba6 Rb8 38. Rd1 Kg7 39. Rc7 Rd8 40. Bb5 Rxc7 41.
bxc7 1-0

[Event "FIDE World Rapid Team"]
[Site "Almaty KAZ"]
[Date "2024.08.02"]
[Round "1.23"]
[White "Lesbekova, Assel"]
[Black "Khotenashvili, Bella"]
[Result "0-1"]
[WhiteTitle "WCM"]
[BlackTitle "GM"]
[WhiteElo "1903"]
[BlackElo "2427"]
[WhiteTeam "Noval Group Kyrgystan"]
[BlackTeam "Ashdod Chess Club"]
[WhiteFideId "13713248"]
[BlackFideId "13602640"]
[EventDate "2024.08.02"]

1. e4 c6 2. d4 d5 3. e5 Bf5 4. Nd2 e6 5. Nb3 Nd7 6. Nf3 Qc7 7. Be2 c5 8. dxc5
Bxc5 9. Nxc5 Qxc5 10. Bd3 Ne7 11. O-O Bg4 12. Re1 Ng6 13. Bxg6 hxg6 14. Qd4 Bxf3
15. Qxc5 Nxc5 16. gxf3 Rc8 17. Re2 Na4 18. Be3 a6 19. Bd4 Rh4 20. Rd1 b5 21. Kg2
Kd7 22. Red2 Kc6 23. h3 Rch8 24. Rh1 Nb6 25. Bxb6 Kxb6 26. Kg3 g5 27. Re2 a5 28.
Re3 Rc8 29. Re2 b4 30. Rd1 Rhc4 31. Rdd2 a4 32. Kg2 Kb5 33. Kg3 a3 34. bxa3 bxa3
35. Re3 Rc3 36. Rdd3 Kb4 37. f4 Rxd3 38. Rxd3 gxf4+ 39. Kxf4 Rxc2 40. Rb3+ Ka4
41. Kg3 Rxa2 42. Rb7 Rb2 43. Rxf7 Rb5 0-1

[Event "FIDE World Rapid Team"]
[Site "Almaty KAZ"]
[Date "2024.08.02"]
[Round "1.24"]
[White "Tanikin, Isabek"]
[Black "Nurdin Uulu, Sardarbek"]
[Result "1-0"]
[WhiteElo "1952"]
[BlackElo "1908"]
[WhiteTeam "Ashdod Chess Club"]
[BlackTeam "Noval Group Kyrgystan"]
[WhiteFideId "13728717"]
[BlackFideId "13800183"]
[EventDate "2024.08.02"]

1. e4 e5 2. Nf3 Nf6 3. d4 Nxe4 4. Bd3 d5 5. dxe5 Nc5 6. O-O Bg4 7. Bf4 Ne6 8.
Bg3 Be7 9. Nbd2 Nd7 10. Nb3 Ndc5 11. Be2 Nxb3 12. axb3 O-O 13. Nd4 Bxe2 14. Nxe2
Bc5 15. Qd3 c6 16. Kh1 Qd7 17. f4 f5 18. exf6 Rxf6 19. f5 Nc7 20. Be5 Rh6 21. f6
gxf6 22. Rxf6 Rxf6 23. Bxf6 Bd6 24. Bd4 Qg4 25. Rf1 Re8 26. Ng1 Ne6 27. Be3 d4
28. Bd2 Qh5 29. Nf3 b5 30. Re1 Qd5 31. Re4 Nc5 32. Rxe8+ Kf7 33. Qxh7+ Kxe8 34.
Qh8+ Kd7 35. Qxd4 Qe6 36. Bf4 Nb7 37. Bxd6 Nxd6 38. Qxa7+ Kd8 39. Qa5+ Kd7 40.
Qd2 Kc7 41. Qe1 Qf6 42. Qe5 Qh6 43. h3 Kb6 44. Qd4+ c5 45. Qd2 Qf6 46. b4 Ne4
47. bxc5+ Kc6 48. Qe1 Qf4 49. Nd4+ Kb7 50. c6+ Kc8 51. Nf3 Ng3+ 52. Kg1 Ne4 53.
c7 Kxc7 54. Qa5+ Kc8 55. Qa8+ Kc7 56. Qa7+ Kc8 57. Qa6+ Kc7 58. Qa7+ Kc8 59.
Qa6+ Kc7 60. Qa5+ Kc8 61. Qe1 Kb7 62. h4 Nf6 63. Qe7+ Kb6 64. Qd8+ Ka6 65. Qd2
Qf5 66. Qd6+ Ka7 67. Nd4 Qg6 68. Nxb5+ Kb7 69. Qc7+ Ka6 70. Qc6+ Ka5 71. Nd4 Qh5
72. Qxf6 Qd1+ 73. Kh2 Qd2 74. Nb3+ 1-0

[Event "FIDE World Rapid Team"]
[Site "Almaty KAZ"]
[Date "2024.08.02"]
[Round "1.25"]
[White "Niemann, Hans Moke"]
[Black "Annaberdiyev, Meylis"]
[Result "0-1"]
[WhiteTitle "GM"]
[BlackTitle "GM"]
[WhiteElo "2711"]
[BlackElo "2431"]
[WhiteTeam "GMHans.com"]
[BlackTeam "TKM Chess"]
[WhiteFideId "2093596"]
[BlackFideId "14000563"]
[EventDate "2024.08.02"]

1. e4 c5 2. Nf3 Nc6 3. Bb5 Nf6 4. Nc3 Qc7 5. O-O Nd4 6. Re1 a6 7. Bf1 d6 8. Nxd4
cxd4 9. Nd5 Nxd5 10. exd5 g6 11. c4 Bg7 12. d3 O-O 13. Bg5 e5 14. dxe6 fxe6 15.
Qd2 e5 16. Rac1 b6 17. b4 Bb7 18. f3 Rf5 19. Rc2 Bf8 20. Rb1 Be7 21. Bxe7 Qxe7
22. Be2 Rh5 23. Qe1 Rf8 24. Rbc1 Bc6 25. b5 axb5 26. cxb5 Bd5 27. a4 Qg5 28. Qg3
Qe3+ 29. Qf2 Qh6 30. h3 Qg5 31. Kh1 Be6 32. Bf1 Bb3 33. Rc6 Bd5 34. Rc7 Rxh3+
35. gxh3 Rxf3 36. Bg2 Rxf2 37. Bxd5+ Kh8 38. Rg1 Qf5 39. Bg2 Rb2 40. Rf1 Rf2 41.
Rxf2 Qxf2 42. a5 Qe1+ 43. Kh2 Qxa5 0-1

[Event "FIDE World Rapid Team"]
[Site "Almaty KAZ"]
[Date "2024.08.02"]
[Round "1.26"]
[White "Turayev, Shahruh"]
[Black "Tabatabaei, M. Amin"]
[Result "0-1"]
[BlackTitle "GM"]
[WhiteElo "2097"]
[BlackElo "2712"]
[WhiteTeam "TKM Chess"]
[BlackTeam "GMHans.com"]
[WhiteFideId "14003856"]
[BlackFideId "12521213"]
[EventDate "2024.08.02"]

1. d4 e6 2. e4 d5 3. exd5 exd5 4. Nc3 c6 5. Bd3 Bd6 6. Qf3 Qf6 7. Be3 Be6 8.
O-O-O Nd7 9. h4 Ne7 10. Qxf6 Nxf6 11. f3 Bf5 12. Nge2 Kd7 13. Bf4 Rae8 14. g4
Bxd3 15. Rxd3 Nc8 16. h5 g6 17. Bg5 Be7 18. Bd2 Kc7 19. Bf4+ Bd6 20. b3 b5 21.
Kd2 Rhg8 22. Bxd6+ Nxd6 23. hxg6 hxg6 24. Re3 Kd7 25. Nd1 a5 26. Nf2 Rxe3 27.
Kxe3 Re8+ 28. Kd2 Ke7 29. Nd3 Nd7 30. Nef4 Kf6 31. Nc5 Nxc5 32. dxc5 Nb7 33. Nd3
Nd8 34. c3 Ne6 35. Re1 Rh8 36. Re2 Rh3 37. Ke3 g5 38. a4 bxa4 39. b4 axb4 40.
cxb4 Rh8 41. Ra2 d4+ 42. Ke2 Nf4+ 43. Nxf4 Rh2+ 44. Kd3 Rxa2 0-1

[Event "FIDE World Rapid Team"]
[Site "Almaty KAZ"]
[Date "2024.08.02"]
[Round "1.27"]
[White "Dardha, Daniel"]
[Black "Halynyazov, Vepaly"]
[Result "1-0"]
[WhiteTitle "GM"]
[WhiteElo "2608"]
[BlackElo "2049"]
[WhiteTeam "GMHans.com"]
[BlackTeam "TKM Chess"]
[WhiteFideId "240990"]
[BlackFideId "14004020"]
[EventDate "2024.08.02"]

1. Nf3 d5 2. g3 Nf6 3. Bg2 e6 4. O-O Be7 5. c4 O-O 6. d4 b6 7. cxd5 exd5 8. Nc3
Bb7 9. Bg5 Nbd7 10. Ne5 h6 11. Bxf6 Nxf6 12. e3 Bd6 13. f4 c5 14. Qe2 Ne4 15.
Rad1 cxd4 16. exd4 f5 17. Qb5 Qe8 18. Qb3 Rd8 19. Nxe4 fxe4 20. Bxe4 Bxe5 21.
dxe5 Qf7 22. Bg2 Kh8 23. Rd4 Qe7 24. Qe3 Qc5 25. Rc1 Qb5 26. Rc7 Rd7 27. a4 1-0

[Event "FIDE World Rapid Team"]
[Site "Almaty KAZ"]
[Date "2024.08.02"]
[Round "1.28"]
[White "Agajanova, Meryem"]
[Black "Jacobson, Brandon"]
[Result "0-1"]
[WhiteTitle "WCM"]
[BlackTitle "GM"]
[WhiteElo "2007"]
[BlackElo "2575"]
[WhiteTeam "TKM Chess"]
[BlackTeam "GMHans.com"]
[WhiteFideId "14005930"]
[BlackFideId "30901561"]
[EventDate "2024.08.02"]

1. d4 Nf6 2. c4 g6 3. Nf3 Bg7 4. Nc3 d6 5. g3 O-O 6. Bg2 Nbd7 7. O-O e5 8. e4
exd4 9. Nxd4 Re8 10. Re1 Nc5 11. b4 Ne6 12. Nde2 a5 13. Ba3 axb4 14. Bxb4 c5 15.
Rb1 cxb4 16. Rxb4 Nc5 17. Nf4 Qa5 18. Nfd5 Nxd5 19. Nxd5 Be6 20. Rb5 Qd8 21. Re2
Ra3 22. Rd2 Bxd5 23. Rxd5 Rxa2 24. Rxd6 Qe7 25. Rb1 Nxe4 26. Bxe4 Qxe4 27. Rd7
Qf5 28. f3 Qc5+ 29. Kh1 Qf2 0-1

[Event "FIDE World Rapid Team"]
[Site "Almaty KAZ"]
[Date "2024.08.02"]
[Round "1.29"]
[White "Salimova, Nurgyul"]
[Black "Ezizov, Muhammet"]
[Result "1-0"]
[WhiteTitle "IM"]
[WhiteElo "2412"]
[BlackElo "1909"]
[WhiteTeam "GMHans.com"]
[BlackTeam "TKM Chess"]
[WhiteFideId "2915138"]
[BlackFideId "14003759"]
[EventDate "2024.08.02"]

1. d4 Nf6 2. Nf3 d5 3. c4 e6 4. cxd5 exd5 5. Nc3 Bd6 6. Bg5 c6 7. Qc2 h6 8. Bxf6
Qxf6 9. Nxd5 Qd8 10. Nc3 O-O 11. e3 Bg4 12. Be2 Nd7 13. Nd2 Bxe2 14. Nxe2 Nf6
15. O-O Rc8 16. Rac1 Qd7 17. Ne4 Nxe4 18. Qxe4 Rfe8 19. Qh4 Qe6 20. b3 Qg6 21.
Qh3 Rcd8 22. Rfd1 Re4 23. g3 h5 24. Qg2 h4 25. Nf4 Qh7 26. d5 Bxf4 27. gxf4 cxd5
28. Rxd5 Ree8 29. h3 Qh6 30. Kh2 Rxd5 31. Qxd5 b6 32. Rc7 Qf6 33. Qc6 Qxc6 34.
Rxc6 Rd8 35. Rc2 f6 36. Kg2 f5 37. Rc7 a6 38. Rc6 Rb8 39. b4 Kh7 40. a4 g6 41.
Kf3 Rb7 42. Ke2 Kg7 43. Kd3 Kf7 44. Kd4 Rd7+ 45. Ke5 Rb7 46. Rf6+ Kg7 47. Rd6
Kf7 48. Kd5 a5 49. b5 Rb8 50. Kc6 Ke7 51. Rxg6 Rc8+ 52. Kxb6 Rc2 53. Kxa5 Rxf2
54. b6 Kd7 55. b7 Kc7 56. Rg7+ Kb8 57. Ka6 Rb2 58. Rg8+ Kc7 59. Rc8+ Kd7 60.
b8=Q 1-0

[Event "FIDE World Rapid Team"]
[Site "Almaty KAZ"]
[Date "2024.08.02"]
[Round "1.30"]
[White "Sholpanbek, Zhansaya"]
[Black "Mero, Aghiad."]
[Result "1-0"]
[WhiteElo "1752"]
[BlackElo "1817"]
[WhiteTeam "TKM Chess"]
[BlackTeam "GMHans.com"]
[WhiteFideId "13775111"]
[BlackFideId "7608420"]
[EventDate "2024.08.02"]

1. e4 c5 2. c3 d5 3. exd5 Qxd5 4. d4 Nc6 5. Nf3 Bf5 6. Be3 cxd4 7. Nxd4 Nf6 8.
Nd2 Nxd4 9. Bxd4 e5 10. Be3 Ng4 11. Nc4 Be6 12. Qxd5 Bxd5 13. O-O-O Nxe3 14.
Nxe3 Bc6 15. Bc4 Bc5 16. Nf5 O-O 17. Rhe1 Rae8 18. f3 g6 19. Nd6 Re7 20. b4 Bxd6
21. Rxd6 Rc8 22. Bb3 Kg7 23. Kb2 f5 24. a4 a6 25. c4 e4 26. b5 axb5 27. cxb5 Be8
28. fxe4 Bf7 29. e5 Rce8 30. e6 Bg8 31. a5 Kf6 32. a6 bxa6 33. bxa6 g5 34. Ra1
f4 35. a7 Ra8 36. Rda6 Rb7 37. R1a5 1-0

[Event "FIDE World Rapid Team"]
[Site "Almaty KAZ"]
[Date "2024.08.02"]
[Round "1.31"]
[White "Ten, Viktor"]
[Black "Teclaf, Pawel"]
[Result "1/2-1/2"]
[BlackTitle "GM"]
[WhiteElo "2236"]
[BlackElo "2553"]
[WhiteTeam "Chess Mates"]
[BlackTeam "Q4Rail Kingsofchess Krakow"]
[WhiteFideId "13700820"]
[BlackFideId "1185934"]
[EventDate "2024.08.02"]

1. e4 c6 2. f4 d5 3. e5 h5 4. Be2 g6 5. c3 Nh6 6. d4 Bg4 7. Nf3 e6 8. Be3 Nf5 9.
Bf2 Be7 10. Nbd2 h4 11. b4 Nd7 12. Nb3 b6 13. a4 a5 14. b5 c5 15. O-O Rc8 16.
Rc1 O-O 17. h3 Bh5 18. Nh2 Bxe2 19. Qxe2 Kg7 20. Ng4 cxd4 21. cxd4 Ba3 22. Rxc8
Qxc8 23. Qa2 Be7 24. Rc1 Qb8 25. Rc6 Rc8 26. Qc2 Rxc6 27. Qxc6 Qd8 28. Ne3 Bb4
29. Nxf5+ gxf5 30. Nc1 Nf8 31. Nd3 Be7 1/2-1/2

[Event "FIDE World Rapid Team"]
[Site "Almaty KAZ"]
[Date "2024.08.02"]
[Round "1.32"]
[White "Gareyev, Timur"]
[Black "Bolat, Inayat"]
[Result "1-0"]
[WhiteTitle "GM"]
[BlackTitle "FM"]
[WhiteElo "2541"]
[BlackElo "2264"]
[WhiteTeam "Q4Rail Kingsofchess Krakow"]
[BlackTeam "Chess Mates"]
[WhiteFideId "14200937"]
[BlackFideId "13733125"]
[EventDate "2024.08.02"]

1. Nf3 Nf6 2. c4 g6 3. Nc3 Bg7 4. e4 d6 5. d4 O-O 6. Be2 e5 7. Bg5 exd4 8. Nxd4
h6 9. Bh4 Re8 10. f3 Nc6 11. Nc2 Be6 12. O-O g5 13. Bf2 Ne5 14. Ne3 Ng6 15. Re1
Qd7 16. Qd2 g4 17. Kh1 Kh7 18. Rad1 Rad8 19. Qc2 gxf3 20. gxf3 Kh8 21. c5 Qc8
22. cxd6 cxd6 23. Qa4 Nf4 24. Rc1 Nxe2 25. Nxe2 Qb8 26. Nf4 b5 27. Qa5 d5 28.
Bg3 Qa8 29. e5 Nh7 30. Nxe6 fxe6 31. f4 d4+ 32. Ng2 d3 33. Qd2 Qd5 34. Re3 Nf8
35. b3 Rd7 36. Kg1 Ng6 37. Ne1 Qd4 38. Nf3 Qd5 39. Rc3 Red8 40. Ne1 Bf8 41.
Rexd3 Qb7 42. Rxd7 Rxd7 43. Qc2 Ne7 44. Rd3 Nd5 45. Rf3 Ne7 46. Rd3 Nd5 47. Rf3
Nb4 48. Qe2 Qc6 49. f5 Bc5+ 50. Kg2 Nd5 51. fxe6 Ne3+ 52. Qxe3 Bxe3 53. exd7 Bb6
54. Nd3 Qxd7 55. Nf4 Qd2+ 56. Kh3 Qxa2 57. e6 Qc2 58. Rd3 Kg7 59. Kg4 Kf6 60.
Bh4+ Kg7 61. Rd7+ Kf8 62. Rf7+ Ke8 63. Re7+ Kf8 64. Rf7+ Ke8 65. Kh5 Qd1+ 66.
Kg6 Qg4+ 67. Kh7 Qxh4 68. Ng6 Qb4 69. Rg7 Bc5 70. Rg8+ Bf8 71. e7 Qxe7+ 72. Nxe7
Kxe7 73. Rg6 Kd7 74. Ra6 Bc5 75. Kxh6 Kc7 76. h4 Kb7 77. Re6 a5 78. Kg6 a4 79.
bxa4 bxa4 80. h5 a3 81. Re4 1-0